| Tag |
First Indicator |
Second Indicator |
Subfields |
| LEADER |
00000pam a2200000 a 4500 |
| 001 |
in00002071021 |
| 005 |
20151101184403.0 |
| 008 |
041103s2005 nyu 000 1 eng |
| 010 |
|
|
|a 2004060141
|
| 020 |
|
|
|a 0399152911 (acid-free paper)
|
| 035 |
|
|
|a (OCoLC)ocm56982009
|
| 040 |
|
|
|a DLC
|c DLC
|d UtOrBLW
|
| 043 |
|
|
|a n-us-wy
|
| 049 |
|
|
|a TXAM
|
| 050 |
0 |
0 |
|a PS3552.O87658
|b O94 2005
|
| 082 |
0 |
0 |
|a 813/.54
|2 22
|
| 100 |
1 |
|
|a Box, C. J.
|
| 245 |
1 |
0 |
|a Out of range /
|c C.J. Box.
|
| 264 |
|
1 |
|a New York :
|b G.P. Putnam's Sons,
|c [2005]
|
| 264 |
|
4 |
|c ©2005
|
| 300 |
|
|
|a 308 pages ;
|c 24 cm.
|
| 336 |
|
|
|a text
|b txt
|2 rdacontent
|
| 337 |
|
|
|a unmediated
|b n
|2 rdamedia
|
| 338 |
|
|
|a volume
|b nc
|2 rdacarrier
|
| 650 |
|
0 |
|a Pickett, Joe (Fictitious character)
|v Fiction.
|
| 650 |
|
0 |
|a Game wardens
|v Fiction.
|
| 651 |
|
0 |
|a Wyoming
|v Fiction.
|
| 655 |
|
7 |
|a Mystery fiction.
|2 gsafd
|
| 948 |
|
|
|a cataloged
|b h
|c 2005/6/27
|d c
|e ceaton
|f 2:35:36 pm
|
| 994 |
|
|
|a C0
|b TXA
|
| 999 |
|
|
|a MARS
|
| 999 |
f |
f |
|s 2456c137-b184-3b80-9ad8-1bd4722745f1
|i 5efa4078-25f1-372c-a095-789f2cc9c2c1
|t 0
|
| 952 |
f |
f |
|p normal
|a Texas A&M University
|b College Station
|c Sterling C. Evans Library
|d Evans: Library Stacks
|t 0
|e PS3552.O87658 O94 2005
|h Library of Congress classification
|i unmediated -- volume
|m A14833638122
|
| 998 |
f |
f |
|a PS3552.O87658 O94 2005
|t 0
|l Evans: Library Stacks
|